000
00252nam a22001337a 4500
082
_a
894.812.3
_b
LAS/D
100
_a
LAZAR
245
_a
DEYAVADHAM
250
_a
FIRST
260
_b
LAZAR
_c
1997
300
_a
79
650
_a
PLAY
_z
KERALA
942
_c
BK
999
_c
1311
_d
1311